000 00282nam a2200109Ia 4500
005 20251222144704.0
008 251222s9999||||xx |||||||||||||| ||spa||
082 _a610.736.98 L22
245 0 _aManifestaciones Neurológicas del Cáncer Sistémico
264 _bCONCYTEC
942 _cLIB
999 _c17574
_d17574